| 000 | 01677cam a22003611i 4500 | ||
|---|---|---|---|
| 003 | SA-RiAUC | ||
| 005 | 20241121075707.0 | ||
| 008 | 241120s1988 le f b 00100 ara c | ||
| 040 |
_aSA-RiAUC _bara _cSA-RiAUC _erda |
||
| 041 | 1 |
_aara _hger |
|
| 082 | 0 | 4 |
_a258.2 _qSA-RiAUC |
| 090 |
_a258.2 _bم و ر |
||
| 100 | 1 |
_aموراني، ميكلوش، _d1943- _eمؤلف. |
|
| 245 | 1 | 0 |
_aدراسات في مصادر الفقه المالكي / _cميكلوش موراني ؛ نقله عن الألمانية سعيد بحيري، عمر صابر عبد الجليل، محمود رشاد حنفي ؛ مراجعة محمود فهمي حجازي، عبد الفتاح محمد الحلو. |
| 250 | _aالطبعة الأولى. | ||
| 264 | 1 |
_aبيروت : _bدار الغرب الإسلامي للنشر والتوزيع والطباعة، _c1988 |
|
| 300 |
_a303 صفحة ؛ _c23 سم |
||
| 336 |
_aنص _btxt _2rdacontent _3كتاب |
||
| 337 |
_aبدون وسيط _bn _2rdamedia |
||
| 338 |
_aمجلد _bnc _2rdacarrier |
||
| 500 | _aكشاف : صفحة 372-303. | ||
| 504 | _aببليوجرافية : صفحة 265-271. | ||
| 650 | 7 |
_aالفقه المالكي _2aucsh |
|
| 650 | 7 |
_aالفقه الإسلامي _xمذاهب _2aucsh |
|
| 700 | 1 |
_aبحيري، سعيد _eمترجم. |
|
| 700 | 1 |
_aعبد الجليل، عمر صابر _eمترجم. |
|
| 700 | 1 |
_aحنفي، محمود رشاد _eمترجم. |
|
| 700 | 1 |
_aحجازي، محمود فهمي، _d1940-2019 _eمراجع. |
|
| 700 | 1 |
_aالحلو، عبد الفتاح محمد، _d1937-1994 _eمراجع. |
|
| 942 |
_2ddc _cBOOK _n0 |
||
| 949 |
_aSA-JeALM _d241120 _umohamedma123 _n1 |
||
| 999 |
_c2624 _d2624 |
||